Welcome to CU Library Online Public Access Catalogue (OPAC)

Financial management policy (Record no. 3826)

MARC details
000 -LEADER
fixed length control field 00443nam a22001697a 4500
005 - DATE AND TIME OF LATEST TRANSACTION
control field 20250212113732.0
008 - FIXED-LENGTH DATA ELEMENTS--GENERAL INFORMATION
fixed length control field 250212b |||||||| |||| 00| 0 eng d
020 ## - INTERNATIONAL STANDARD BOOK NUMBER
International Standard Book Number 9788178085807
050 ## - LIBRARY OF CONGRESS CALL NUMBER
Classification number HG4011
Item number VAN
100 ## - MAIN ENTRY--PERSONAL NAME
Personal name Horne, James C.
245 ## - TITLE STATEMENT
Title Financial management policy
250 ## - EDITION STATEMENT
Edition statement 12th
260 ## - PUBLICATION, DISTRIBUTION, ETC.
Place of publication, distribution, etc. New Delhi
Name of publisher, distributor, etc. Pearson Education, Inc.
Date of publication, distribution, etc. c2002
300 ## - PHYSICAL DESCRIPTION
Extent xviii, 814p;
Other physical details ill.;
500 ## - GENERAL NOTE
General note includes index
942 ## - ADDED ENTRY ELEMENTS (KOHA)
Source of classification or shelving scheme Library of Congress Classification
Koha item type Books
Suppress in OPAC No
999 ## -
-- 3826
-- 3826
Holdings
Withdrawn status Lost status Source of classification or shelving scheme Damaged status Not for loan Collection Home library Current library Shelving location Date acquired Total checkouts Full call number Barcode Date last seen Copy number Price effective from Koha item type
    Library of Congress Classification     Non-fiction Undergraduate Library (Christ Temple) Undergraduate Library (Christ Temple) General stacks 02/12/2025   HG4011 VAN ulct00001172 02/12/2025 1 02/12/2025 Books
    Library of Congress Classification     Non-fiction Undergraduate Library (Christ Temple) Undergraduate Library (Christ Temple) General stacks 02/12/2025   HG4011 VAN ulct00001173 02/12/2025 2 02/12/2025 Books
© 2023-2024 Copyright: Central University Libraries. All Rights Reserved | Created by: Mahone Tech Office